Country Connect by Proximity - Statistics

General Stats
  • This quiz has been taken 2,505 times
  • The average score is 34 of 196
Answers on the Map
Answers color-coded by a green-red scale on the quiz's map according to % correct below.
 
Answer Stats
Country % Correct
Canada
100%
Denmark
93%
Sweden
90%
Germany
88%
Liechtenstein
81%
Italy
80%
Monaco
71%
Bosnia and Herzegovina
70%
Slovenia
70%
Switzerland
70%
Czechia
69%
Hungary
69%
Austria
68%
Croatia
68%
France
67%
Dominica
26%
Belgium
25%
Grenada
25%
Netherlands
25%
Poland
25%
Romania
25%
Saint Lucia
25%
Saint Vincent and the Grenadines
25%
Slovakia
25%
Trinidad and Tobago
25%
United Kingdom
25%
Venezuela
25%
Albania
24%
Bulgaria
24%
Cyprus
24%
Egypt
24%
Greece
24%
Jordan
24%
Kosovo
24%
Luxembourg
24%
Montenegro
24%
North Macedonia
24%
Saudi Arabia
24%
Serbia
24%
Syria
24%
Turkey
24%
Azerbaijan
23%
Iraq
23%
Lebanon
23%
Pakistan
23%
Tajikistan
23%
Turkmenistan
23%
Afghanistan
22%
India
22%
Kyrgyzstan
22%
Maldives
22%
Seychelles
22%
Sri Lanka
22%
Democratic Republic of the Congo
21%
Madagascar
21%
Mozambique
21%
Angola
20%
Botswana
20%
Eswatini
20%
Gabon
20%
Lesotho
20%
Malawi
20%
Namibia
20%
Zimbabwe
20%
Burundi
19%
Djibouti
19%
Ethiopia
19%
Kenya
19%
Sudan
19%
Uganda
19%
Yemen
19%
Chad
18%
Rwanda
18%
South Sudan
18%
Algeria
17%
Morocco
17%
Spain
17%
Gambia
16%
Guinea-Bissau
16%
Mali
16%
Mauritania
16%
Nigeria
15%
Burkina Faso
14%
Cameroon
14%
Equatorial Guinea
14%
Ivory Coast
14%
Liberia
14%
Niger
14%
São Tomé and Príncipe
14%
Senegal
14%
Sierra Leone
14%
Togo
14%
Benin
13%
Ghana
13%
Guinea
13%
Republic of the Congo
13%
South Africa
13%
Tanzania
13%
Zambia
13%
Comoros
12%
Eritrea
12%
Iran
12%
Kuwait
12%
Oman
12%
Somalia
12%
Armenia
11%
Bahrain
11%
China
11%
Japan
11%
Qatar
11%
Russia
11%
South Korea
11%
United Arab Emirates
11%
Malaysia
10%
Philippines
10%
Taiwan
10%
Bangladesh
9%
Bhutan
9%
Brunei
9%
Indonesia
9%
Myanmar
9%
Nepal
9%
Singapore
9%
Thailand
9%
Vietnam
9%
Australia
8%
Cambodia
8%
East Timor
8%
Papua New Guinea
8%
Solomon Islands
8%
Federated States of Micronesia
7%
Fiji
7%
Georgia
7%
Kazakhstan
7%
Kiribati
7%
Laos
7%
Marshall Islands
7%
Mongolia
7%
Nauru
7%
Palau
7%
Samoa
7%
Tonga
7%
Tuvalu
7%
Vanuatu
7%
Estonia
6%
Finland
6%
Ireland
6%
Latvia
6%
Lithuania
6%
Norway
6%
Ukraine
6%
Andorra
5%
Israel
5%
Libya
5%
Malta
5%
Portugal
5%
Tunisia
5%
Bahamas
4%
Belarus
4%
Moldova
4%
San Marino
4%
United States
4%
Belize
3%
Brazil
3%
Colombia
3%
Costa Rica
3%
Cuba
3%
Dominican Republic
3%
Ecuador
3%
El Salvador
3%
Haiti
3%
Honduras
3%
Iceland
3%
Jamaica
3%
Nicaragua
3%
Panama
3%
Vatican City
3%
Antigua and Barbuda
2%
Argentina
2%
Barbados
2%
Bolivia
2%
Cape Verde
2%
Central African Republic
2%
Chile
2%
Guatemala
2%
Guyana
2%
Mauritius
2%
Mexico
2%
North Korea
2%
Paraguay
2%
Peru
2%
Saint Kitts and Nevis
2%
Suriname
2%
Uruguay
2%
Uzbekistan
2%
New Zealand
1%
No matching quizzes found
Score Distribution
Percent of People with Each Score
Percentile by Number Answered
Your Score History
You have not taken this quiz